Ekologický marketing diplomová práca

Guardado en:
Detalles Bibliográficos
Autor principal: Marčok, Michal
Autor Corporativo: Obchodná fakulta EU. Katedra marketingu
Otros Autores: Balhar, Vítězslav, Jr
Formato: Libro
Lenguaje:eslovaco
Publicado: Bratislava 2012
Etiquetas: Agregar Etiqueta
Sin Etiquetas, Sea el primero en etiquetar este registro!

MARC

LEADER 00000nbm a2200000 4500
001 0159118
005 20170315090435.2
041 0 |a slo 
044 |a SK 
245 1 0 |a Ekologický marketing  |b diplomová práca  |c Michal Marčok ; školiteľ: Vítězslav Balhar 
264 1 |a Bratislava  |c 2012 
300 |a 66 s. 
100 1 |a Marčok, Michal 
700 1 |a Balhar, Vítězslav, Jr. 
710 2 |a Obchodná fakulta EU. Katedra marketingu